Mortgage equity capitalization

Bibliographic Details
Main Author: Akerson, Charles B.
Format: Book
Published: Chicago, Illinois : American Institute of Real Estate Appraiser , 1973
Edition:2nd. ed.
Subjects:

MARC

LEADER 00000cam a2200000 7i4500
001 0000004178
005 20050505.0
040 |a INS 
090 0 0 |a HG8078.   |b A314 1973 
100 1 |a Akerson, Charles B. 
245 1 0 |a Mortgage equity capitalization   |c Charles A. Akerson 
250 |a 2nd. ed. 
260 |a Chicago, Illinois :   |b American Institute of Real Estate Appraiser ,   |c 1973 
300 |a 39p. ;   |c 17 cm. 
650 0 0 |a Mortgages 
999 |a 0000002085   |b BOOK   |c Open Shelf   |e Default branch